Grupy dwuelementowe #1 - Statystyki

Ogólne statystyki
  • Ten quiz został rozwiązany 16 razy
  • Średni wynik to 26 z 48
Statystyki odpowiedzi
Kategorie Odpowiedzi % Poprawnych
Pierwsi ludzie według Biblii Adam
93%
Pierwsi ludzie według Biblii Ewa
93%
Sąsiedzi USA Kanada
93%
Sąsiedzi USA Meksyk
93%
Zwrotniki Koziorożca
80%
Zwrotniki Raka
80%
Najludniejsze miasta Szkocji Edynburg
73%
Miasta na które spadła bomba atomowa Hiroszima
73%
Główne wydawnictwa komiksów o superbohaterach Marvel
73%
Miasta na które spadła bomba atomowa Nagasaki
73%
Pasma górskie oddzielające Europę od Azji Ural
73%
Główne rzeki Mezopotamii Eufrat
67%
Terytoria Palestyny Gaza
67%
Sporty narodowe Kanady Hokej na lodzie
67%
Główne rzeki Mezopotamii Tygrys
67%
Izby parlamentu brytyjskiego Izba Lordów
60%
Typy wielbłądów Jednogarbny/Dromader
60%
Pasma górskie oddzielające Europę od Azji Kaukaz
60%
Główne gwiazdy filmu "Titanic" Leonardo DiCaprio
60%
Najdłuższe chińskie rzeki Rzeka Błękitna/Jangcy
60%
Synowie księżnej Diany William
60%
Główni producenci samolotów pasażerskich Boeing
53%
Typy wielbłądów Dwugarbny
53%
Najludniejsze miasta Szkocji Glasgow
53%
Synowie księżnej Diany Harry
53%
Cząstki tworzące jądro atomu Neutron
53%
Najdłuższe chińskie rzeki Rzeka Żółta/Huang He
53%
Założyciele firmy Apple Steve Jobs
53%
Główni producenci samolotów pasażerskich Airbus
47%
Główne wydawnictwa komiksów o superbohaterach DC
47%
Kraje na wyspie Hispaniola Dominikana
47%
Ssaki które składają jaja Dziobak
47%
Kraje na wyspie Hispaniola Haiti
47%
Kolonie oddane Chinom w latach 90 Hong Kong
47%
Imperia podbite przez Konkwistadorów Imperium Azteków
47%
Izby parlamentu brytyjskiego Izba Gmin
47%
Kolonie oddane Chinom w latach 90 Makau
47%
Cząstki tworzące jądro atomu Proton
47%
Imperia podbite przez Konkwistadorów Imperium Inków
40%
Terytoria Palestyny Zachodni Brzeg
40%
Założyciele firmy Apple Steve Wozniak
33%
Główne gwiazdy filmu "Titanic" Kate Winslet
27%
Ssaki które składają jaja Kolczatka
27%
Sporty narodowe Kanady Lacrosse
20%
Odkrywcy struktury DNA Francis Crick
13%
Odkrywcy struktury DNA James Watson
13%
Kochankowie Belli Swan Edward Cullen
7%
Kochankowie Belli Swan Jacob Black
7%
Nie znaleziono quizów pasujących do podanych kryteriów
Rozkład punktacji
Procent ludzi z każdym wynikiem
Percentyl według liczby udzielonych odpowiedzi
Twoja historia wyników
Nie rozwiązałeś tego quizu